| Record ID | marc_records_scriblio_net/part22.dat:35017531:908 |
| Source | Scriblio |
| Download Link | /show-records/marc_records_scriblio_net/part22.dat:35017531:908?format=raw |
LEADER: 00908cam 2200289 a 4500
001 91060876
003 DLC
005 20000316170332.0
008 910221s1991 enk 000 1 eng
010 $a 91060876
020 $z01857150201
040 $aDLC$cDLC$dDLC
043 $ae------
050 00 $aPR6011.O53$bG5 1991b
082 00 $a823/.912$220
100 1 $aFord, Ford Madox,$d1873-1939.
245 14 $aThe good soldier :$ba tale of passion /$cFord Madox Ford.
260 $a[London] :$bEveryman's Library :$bDistributed by the Random Century Group,$c1991.
300 $axlvii, 220 p. ;$c21 cm.
490 0 $aEveryman's library ;$v20
650 0 $aMarried people$xFiction.
650 0 $aMiddle class$xFiction.
650 0 $aFriendship$xFiction.
650 0 $aAdultery$xFiction.
650 0 $aBritish$zGermany$xFiction.
651 0 $aBad Nauheim (Germany)$xFiction.
655 7 $aDomestic fiction.$2lcsh